Guess the Pinned Country on a Borderless Map - Statistics

General Stats
  • This quiz has been taken 569 times
  • The average score is 10 of 15
Answer Stats
Picture Answer % Correct
India
94%
Sudan
85%
Bolivia
73%
Malaysia
71%
Bulgaria
66%
North Korea
66%
Nicaragua
65%
Cuba
64%
The Netherlands
64%
Angola
63%
United Arab Emirates
61%
Portugal
53%
Côte d'Ivoire
44%
Fiji
43%
Turkmenistan
42%
No matching quizzes found
Score Distribution
Percent of People with Each Score
Percentile by Number Answered
Your Score History
You have not taken this quiz